000 00706nam a2200193 i 4500
001 184718
003 ES-MaACL
005 20230906222247.0
008 151117s1929 sp |||| | spa d
100 1 _aVenturino, Agustín.
_9158162
245 1 0 _aSociología chilena
_b: con comparaciones argentinas y mejicanas : las colonizaciones de España y de Inglaterra y las revoluciones de América /
_cAgustín Venturino.
260 _aBarcelona :
_bEdit. Cervantes,
_c1929.
300 _a324 p. ;
_c18 cm.
490 1 _aColección "Sócrates" ;
_v6
651 4 _aChile-
_xCivilización.
_9158163
830 0 _aColección "Sócrates" ;
_v6
_9192233
852 _aES-MaACL
_jB-11906
999 _c184718
_d184718